Introduction to physics / (Record no. 29862)

MARC details
000 -LEADER
fixed length control field 00742nam a22002177a 4500
005 - DATE AND TIME OF LATEST TRANSACTION
control field 20090901110657.0
008 - FIXED-LENGTH DATA ELEMENTS--GENERAL INFORMATION
fixed length control field 090901t xxu||||| |||| 00| 0 eng d
010 ## - LCCN (DPL NO)
LC control number ENG-94996
020 ## - INTERNATIONAL STANDARD BOOK NUMBER
Terms of availability 60.00
International Standard Book Number 9788190793490
035 ## - SYSTEM CONTROL NUMBER
System control number EN-78529
037 ## - SOURCE OF ACQUISITION
Source of stock number/acquisition DBAD / PUB
040 ## - CATALOGING SOURCE
Original cataloging agency dpl
Language of cataloging English
082 ## - DEWEY DECIMAL CLASSIFICATION NUMBER
Classification number 530
100 ## - MAIN ENTRY--PERSONAL NAME
Personal name Deivamani, D.
245 ## - TITLE STATEMENT
Title Introduction to physics /
Statement of responsibility, etc by D. Deivamani
260 ## - PUBLICATION, DISTRIBUTION, ETC. (IMPRINT)
Place of publication, distribution, etc Chidambaram
Name of publisher, distributor, etc Sahana Publications
Date of publication, distribution, etc 2008
270 ## - ADDRESS
Address 12, Ganthi Nagar,
City Chidambaram
Postal code 608001
300 ## - PHYSICAL DESCRIPTION
Extent 138p. :
Dimensions 21cm(pbk)
Other physical details ill.
942 ## - ADDED ENTRY ELEMENTS (KOHA)
Source of classification or shelving scheme Dewey Decimal Classification
Item type English Books
Call number suffix DEI
Classification part 530
Holdings
Withdrawn status Lost status Source of classification or shelving scheme Damaged status Not for loan Collection code Home library Current library Date acquired Source of acquisition Cost, normal purchase price Total Checkouts Full call number Barcode Date last seen Copy number Cost, replacement price Koha item type
    Dewey Decimal Classification   Not For Loan Non-fiction D.B.Act.Division D.B.Act.Division 01/09/2009 DBAD / PUB 60.00   530 DEI EN-78529 01/09/2009 1 60.00 English Books

© Delhi Public Library
Hit Counter
free hit counter